Statistiques concernant Personnages de la sitcom Friends

Cliquez ici pour prendre le quiz!

Statistiques générales

  • Ce quiz a été pris 362 fois
    (349 depuis la dernière actualisation)
  • Le résultat moyen est 15 sur 29

Statistiques - réponses

Réponse% Correct
Monica Geller
100%
Rachel Green
99%
Ross Geller
99%
Chandler Bing
98%
Joey Tribbiani
98%
Phoebe Buffay
97%
Janice Litman Goralnick
80%
Gunther
79%
Ben Geller
75%
Carol Willick
66%
Richard Burke
65%
Susan Bunch
59%
Emily Waltham
58%
Jack Geller
58%
Mike Hannigan
54%
Judy Geller
47%
Ursula Buffay
47%
Franck Jr Buffay
31%
Tag
30%
Julie
28%
David
26%
Barry Farber
25%
Paolo
25%
Estelle Leonard
16%
Mindy
16%
Mark
13%
Pete Becker
10%
Le gros tout nu
9%
Canard et poussin
0%

Distribution des résultats

Percentile par nombre de réponses

% des personnes avec chaque résultat

Votre développement - résultats

Vous n’avez pas pris ce quiz depuis la dernière actualisation